Jolly green giants (Record no. 77546)
[ view plain ]
| 000 -LEADER | |
|---|---|
| fixed length control field | 00896cab a2200193 4500 |
| 001 - CONTROL NUMBER | |
| control field | ##L134506 |
| 008 - FIXED-LENGTH DATA ELEMENTS--GENERAL INFORMATION | |
| fixed length control field | 060811n2006 000 0 eng u |
| 035 ## - SYSTEM CONTROL NUMBER | |
| System control number | (Sirsi) u134506 |
| 041 0# - LANGUAGE CODE | |
| Language code of text/sound track or separate title | eng |
| 100 1# - MAIN ENTRY--PERSONAL NAME | |
| Personal name | Kucharek, Jan-Carlos |
| 245 00 - TITLE STATEMENT | |
| Title | Jolly green giants |
| 260 ## - PUBLICATION, DISTRIBUTION, ETC. | |
| Date of publication, distribution, etc. | 2006 |
| 490 #0 - SERIES STATEMENT | |
| Series statement | RIBA Journal |
| Volume/sequential designation | 113(8) August 2006, 44-46(3) |
| 520 ## - SUMMARY, ETC. | |
| Summary, etc. | Looks at how the major retail chains in the UK are showing renewed interest in sustainability, which is reflected in the design of new distribution centres and warehouses. The use of such features as grey water harvesting, absorption chillers to redistribute heat and cooling, and new or recycled materials, as well as glulam roof structures, will make a major contribution to achieving zero carbon buildings. |
| 590 ## - LOCAL NOTE (RLIN) | |
| Local note | IKA220806 |
| 651 #4 - SUBJECT ADDED ENTRY--GEOGRAPHIC NAME | |
| Geographic name | United Kingdom |
| Chronological subdivision | |
| 690 ## - LOCAL SUBJECT ADDED ENTRY--TOPICAL TERM (OCLC, RLIN) | |
| Topical term or geographic name as entry element | BUILT ENVIRONMENT-SUSTAINABLE CONSTRUCTION |
| 942 ## - ADDED ENTRY ELEMENTS (KOHA) | |
| Suppress in OPAC | 0 |
| Withdrawn status | Lost status | Source of classification or shelving scheme | Damaged status | Not for loan | Home library | Current library | Shelving location | Date acquired | Total Checkouts | Full call number | Barcode | Date last seen | Copy number | Price effective from | Koha item type |
|---|---|---|---|---|---|---|---|---|---|---|---|---|---|---|---|
| Dewey Decimal Classification | London | London | Journal article | 11/08/2006 | L134506 | 134506-1001 | 06/08/2019 | 1 | 06/08/2019 | Journal article |